| 000 | 01318cam a22003258a 4500 | ||
|---|---|---|---|
| 001 | 15806090 | ||
| 005 | 20100219101551.0 | ||
| 008 | 090707s2010 si b 001 0 eng | ||
| 010 | _a 2009025377 | ||
| 020 | _a9780470824917 (cloth) | ||
| 040 |
_aDLC _cDLC |
||
| 050 | 0 | 0 |
_aTA654.9 _b.T35 2010 |
| 082 | 0 | 0 |
_a693.852 _222 _bTAK |
| 100 | 1 |
_aTakewaki, Izuru. _912079 |
|
| 245 | 1 | 0 |
_aBuilding control with passive dampers : _cIzuru Takewaki. _bOptimal performance - Based Design for earthquakes / |
| 260 |
_aSingapore ; _aHoboken, NJ : _bJ. Wiley & Sons (Asia), _cc2010. |
||
| 263 | _a0910 | ||
| 300 |
_a306p: _bill ; _c24 cm. |
||
| 500 | _aIncludes Index. | ||
| 504 | _aIncludes bibliographical references and index. | ||
| 650 | 0 |
_aEarthquake resistant design. _912080 |
|
| 650 | 0 |
_aBuildings _xEarthquake effects. _912081 |
|
| 650 | 0 |
_aDamping (Mechanics) _912082 |
|
| 650 | 0 |
_aBuildings _xVibration. _912083 |
|
| 650 | 0 |
_aStructural control (Engineering) _912084 |
|
| 942 |
_2ddc _cBB |
||
| 999 |
_c13549 _d13549 |
||